Normal view
MARC view
Entry Topical Term
001 - CONTROL NUMBER
- control field: 24820
003 - CONTROL NUMBER IDENTIFIER
- control field: ARRUPE
005 - DATE AND TIME OF LATEST TRANSACTION
- control field: 20160811120040.0
008 - FIXED-LENGTH DATA ELEMENTS
- fixed length control field: 160811|| aca||aabn | a|a d
040 ## - CATALOGING SOURCE
- Original cataloging agency: ARRUPE
- Transcribing agency: ARRUPE
150 ## - HEADING--TOPICAL TERM
- Topical term or geographic name as entry element: Zimbabwe
- General subdivision: History
- Chronological subdivision: 1965-1980
670 ## - SOURCE DATA FOUND
- Source citation: Work cat.: (ARRUPE): Gibbs, Susan 24819, Call for the litany bird, 2011